| 000 | 01791cam a22003494i 4500 | ||
|---|---|---|---|
| 003 | PE-LiUPU | ||
| 005 | 20260218111228.0 | ||
| 008 | 1992s1992 xxu||||r ||| ||eng d | ||
| 020 | _a091517023X | ||
| 035 | _aPE-LiUPU43098 | ||
| 040 |
_aPE-LiUPU _beng _cPE-LiUPU _erda |
||
| 082 | 0 | 4 |
_a231.7 _bC638c _223 |
| 100 |
_aClifford, Richard J., _eeditor. _96391 |
||
| 245 | 1 | 0 |
_aCreation in the Biblical traditions / _ceditado por Richard J. Clifford y John J. Collins. |
| 264 | 1 |
_aWashington, D.C. : _bCatholic Biblical Association of America, _c1992. |
|
| 300 |
_a150 páginas ; _c23 cm |
||
| 336 |
_atext _2rdacontent |
||
| 337 |
_aunmediated _2rdamedia |
||
| 338 |
_avolume _2rdacarrier |
||
| 490 | 1 |
_aThe Catholic Biblical Quarterly. _v24 |
|
| 504 | _aIncluye referencias bibliográficas e índices. | ||
| 505 | 0 | _aIntroduction: The theology of creation traditions -- Creation theology in Genesis -- The demarcation of divine and human realms in Genesis 2–11 -- Creation in the Psalms-- When form and content clash: the theology of Job 38:1–40:5 -- The theology of creation in Proverbs 8:22–31 -- Creation and salvation in the Book of Wisdom -- Interpretations of the creation of the world in Philo of Alexandria -- Creation in 4 Ezra: the biblical theme in support of theodicy. | |
| 630 | 2 | 4 |
_aBiblia. _pAntiguo testamento _xTeología.. _95876 |
| 650 | 1 | 0 |
_aCreación (Teología) _xTeología bíblica. _91557 |
| 650 | 0 |
_aCreacionismo _xAspectos religiosos. _95881 |
|
| 650 | 0 |
_aCosmología Bíblica _9231 |
|
| 700 |
_aCollins, John J., _eeditor. _96392 |
||
| 710 |
_aCatholic Biblical Association of America, _eeditor. _96393 |
||
| 830 | 0 |
_aCatholic Biblical Quarterly. _pMonograph Series ; _v24. |
|
| 942 |
_2ddc _cBK |
||
| 980 |
_818226 _gJaime Vilcazán Jefe de Análisis Documental |
||
| 999 |
_c61052 _d61052 |
||